<?xml version="1.0" encoding="UTF-8"?>
<record
    xmlns:xsi="http://www.w3.org/2001/XMLSchema-instance"
    xsi:schemaLocation="http://www.loc.gov/MARC21/slim http://www.loc.gov/standards/marcxml/schema/MARC21slim.xsd"
    xmlns="http://www.loc.gov/MARC21/slim">

  <leader>00675nam a22002057a 4500</leader>
  <controlfield tag="003">OSt</controlfield>
  <controlfield tag="005">20260413092614.0</controlfield>
  <controlfield tag="008">260413b        |||||||| |||| 00| 0 eng d</controlfield>
  <datafield tag="020" ind1=" " ind2=" ">
    <subfield code="a"> 9781471521409</subfield>
  </datafield>
  <datafield tag="082" ind1=" " ind2=" ">
    <subfield code="2"> 9781471521409</subfield>
    <subfield code="b"> 9781471521409</subfield>
  </datafield>
  <datafield tag="100" ind1=" " ind2=" ">
    <subfield code="a"> Virginia Evans y Jenny Dooley.</subfield>
  </datafield>
  <datafield tag="245" ind1=" " ind2=" ">
    <subfield code="a">On Screen B1+</subfield>
    <subfield code="b">Workbook + Grammar Book</subfield>
  </datafield>
  <datafield tag="250" ind1=" " ind2=" ">
    <subfield code="a">1&#xAA; Edic</subfield>
  </datafield>
  <datafield tag="260" ind1=" " ind2=" ">
    <subfield code="a">Newbury, Reino Unido.</subfield>
    <subfield code="b">Express Publishing</subfield>
    <subfield code="c">2014 y 2015</subfield>
  </datafield>
  <datafield tag="300" ind1=" " ind2=" ">
    <subfield code="a">192 p&#xE1;g</subfield>
    <subfield code="b">A4 </subfield>
    <subfield code="c"> 29,7 cm. x 21 cm.</subfield>
  </datafield>
  <datafield tag="490" ind1=" " ind2=" ">
    <subfield code="3">papel offset blanco de alta calidad </subfield>
  </datafield>
  <datafield tag="650" ind1=" " ind2=" ">
    <subfield code="a">People &amp; Relationships.</subfield>
    <subfield code="v">Survival &amp; Disasters</subfield>
    <subfield code="x">Work</subfield>
  </datafield>
  <datafield tag="700" ind1=" " ind2=" ">
    <subfield code="a"> Virginia Evans y Jenny Dooley.</subfield>
  </datafield>
  <datafield tag="942" ind1=" " ind2=" ">
    <subfield code="2">ddc</subfield>
    <subfield code="c">BKA</subfield>
    <subfield code="n">0</subfield>
  </datafield>
  <datafield tag="952" ind1=" " ind2=" ">
    <subfield code="0">0</subfield>
    <subfield code="1">0</subfield>
    <subfield code="2">ddc</subfield>
    <subfield code="4">0</subfield>
    <subfield code="7">0</subfield>
    <subfield code="8">F02</subfield>
    <subfield code="a">ISUS</subfield>
    <subfield code="b">ISUS</subfield>
    <subfield code="c">Biblioteca Abierta</subfield>
    <subfield code="d">2026-04-13</subfield>
    <subfield code="e">IDIOMAS </subfield>
    <subfield code="f">0492</subfield>
    <subfield code="i">0492</subfield>
    <subfield code="l">0</subfield>
    <subfield code="o">INGLES </subfield>
    <subfield code="p">IDIOMA0492</subfield>
    <subfield code="r">2026-04-13 09:27:07</subfield>
    <subfield code="t">1</subfield>
    <subfield code="w">2026-04-13</subfield>
    <subfield code="y">BKA</subfield>
  </datafield>
  <datafield tag="999" ind1=" " ind2=" ">
    <subfield code="c">2068</subfield>
    <subfield code="d">2068</subfield>
  </datafield>
</record>
